000 04542nam a2200301 a 4500
001 000008904
003 DO-SdBNP
005 20221115115427.0
008 090921s1979 dr 000 0 spa d
040 _aDO-SdBNP
_bspa
_cBPMSU
082 _aRD860.4
_bI37e 1979
_222
100 1 _aInchaústegui Cabral, Héctor,
_d1912-
245 1 0 _aEscritores y artistas dominicanos /
_cHéctor Inchaústegui Cabral.
260 _aSantiago de los Caballeros :
_bUniversidad Católica Madre y Maestra ;,
_c1979
300 _a494 p. ;
_c21 cm.
490 0 _aEstudios
500 _aIncluye datos biográficos del autor en la contracubierta
500 _aIncluye índice
505 0 _tPrólogo --
_tHéctor Díaz, juglar y poeta --
_t"Origenes del Estado Haitiano", de Manuel A. Peña Batlle --
_tUna biblioteca --
_tUna respuesta --
_tPolítica y pobreza --
_tPresentación de "Tras el vórtice de la Tormenta" de Carlos Curiel --
_tFrancisca Pueyo y Roume --
_tOctavio Guzmán Carrtero --
_tTomás Hernández Franco --
_tSantiago en "La casona ", de Rafael Andrés Brenes --
_tGuarionex --
_tEnriquillo --
_tArrom y nuestra historia --La obra teatral de Máximo Avilés Blonda --
_tCrítica para extranjeros --
_tMarrero y la discriminación --
_t"Los humildes, de Federico Bermúdez --
_tRamón Francisco lee a Ramón Francisco --
_tLiteratura e historia dominicanas (Notas para una conferencia ) --
_tLos poemas de Jorge Morel, Danilo de los Santos y Eduardo de Zayas --
_t"Literatura dominicna 60", de Ramón Francisco --
_tHomenaje a Baní --
_tColoquio sobre literatura dominicana --
_tAída Cartagena Portalatín, Máximo Avilés Blonda y Miguel Alfonseca --
_t"La moneda, la banca y las finanzas", dde Julio C. Estrella --
_tEn el homenaje a los fundadores de la UCMM --
_t"La dominación haitiana ", de frank Moya Pons --
_tLa raza banileja --
_tArte y cultura en la UCMM --
_tExpo nueva imagen --
_tPedro Mir --
_tDos de las cien caras de "Yelidá" --
_tLos egresados de la Universidad Católica Madre y Maestra --
_tLa antología panorámica --
505 0 _tRespuestas a un cuestionario --
_tUniversidad e investigación --
_t"Formulas para combatir el miedo", de Jeannette Miller --
_t"La problematica económica dominicana ", de Bernardo Vega --
_tLas publicaciones de la Universidad Católica Madre y Maestra --
_tJaca cuenta cuentos --
_tLa universidad más allá de las aulas --
_tLos "Poemas sorpresivos", de Apolinar Núñez --
_t"Santos de palo y santeros dominicanos", de Carlos Dobal --
_tLos "Poemas" Carlos Dobal --
_tLa poesía sorprendida --
_tManuel A. Peña Batlle --
_tLa poesía dominicana en el siglo XX, de Alberto Baeza Flores --
_t"La vida escandalosa en Santo Domingo en los siglos XVII y XVIII --
_tHéctor Incháustegui Cabral --
_tFotografías de Arielli --
_tSeminario sobre gramática generativa --
_tManuel del Cabral y la poesía Negra Dominicana --
_tOrlando Menicucci --
_tAnte la obra reunida del poeta Máximo Avilés Blonda --
_tAnte los egresados de la UCMM --
_tLa "Historia colonial de Santo Domingo", de Frank Moya Ponsv--
_t"Por ahora", de Lupo Hern´qndez Rueda --
_tUna exposición en la UCMM --
_tLos negros y las trigueñas en la poesía dominicana --
_tDuarte en dos poemas de Ricardo Pérez Alfonseca --
_tPintura y pintores dominicanos --
_tPoesía y crítica de la poesía --
_tLa obra de Monseñor Agripino Núñez Collado --
_tPoesía y poetas --
_tLos artistas --
_tLa palabra --
_tEscuelas --
_tThania Pereyra --
_tPaul Giudicelli --
_tTexto literario y sociedad --
_tArte chino --
_tArte nuevo --
_tClara Ledesma --
_tWalter Terrazas --
_tFernando Belain --
_tCarmen Cebral y Soledad de Rojas --
_tLas escuelas de Bellas Artes --
_tClara Ledesma y Walter Terrazas --
_tEligio Pichardo --
_tHernández Ortega retratista --
_tFin de año escolar --
_tVirgilio García --
_tJacinto Gimbernard Fotógrafo --
_tRafael Lara Cintrón --
_tFranklin Domínguez --
_tReligión, humanidades y arte en UCMM --
_tDiscurso en la puesta en circulación de poemas de una sola angustia (Obra poética completa)
505 0 _tDiscurso al recibir el Caonabo de Oro --
_tApéndice --
_tDiscurso de Federico Henríquez Gratereaux en la entrega del Caonabo de Oro --
_tA don Héctor Incháustegui Cabral, por Manuel Rueda --
_tEstábamos por Héctor Incháustegui Cabral, por Marcio Veloz Magiolo --
_tÍndice de nombres.
590 _6Inventariado, 2022/VM
650 4 _aAutores dominicanos
_xCrítica e interpretación.
650 4 _aArtistas dominicanos
_xCrítica e interpretación.
650 4 _aLiteratura dominicana
_xHistoria y crítica.
910 _aVMateo V. /Validado
942 _2ddc
_cBK
999 _c14329
_d14329